| 000 | 00358nam a22001337a 4500 | ||
|---|---|---|---|
| 999 |
_c532298 _d532298 |
||
| 022 | _a2073-8285 E- 2413-9289 | ||
| 082 | _a610 | ||
| 100 |
_aIsra University Pakistan. _925719 |
||
| 245 |
_aIsra Medical Journal / _cIsra University Pakistan. |
||
| 260 |
_aHyderabad: _bwww.imj.com.pk |
||
| 300 | _c30cm. | ||
| 650 |
_aMedical - Journals. _925720 |
||
| 942 | _cCR | ||